| 000 | 00765nam a2200301Ia 4500 | ||
|---|---|---|---|
| 005 | 20251020182456.0 | ||
| 008 | 200515s9999 xx 000 0 und d | ||
| 020 | _a978-84-8363-258-1 | ||
| 082 | _a624.0411/S18 | ||
| 100 | _aMartínez Sala, Rosa | ||
| 100 | _aSalandin, Andrea | ||
| 100 | _aSánchez Grandía, Rafael [et al.] | ||
| 245 | 0 | _a60 Problemas resueltos de Mecánica de Estructuras | |
| 260 | _a[s.l.] | ||
| 260 | _bUNIVERSITAT POLITÈCNICA DE VALÈNCIA | ||
| 260 | _c[s.a.] | ||
| 300 | _a207 p. | ||
| 300 | _bil., col., tbl., graf. | ||
| 500 | _a2 ejemplares | ||
| 650 | _aCERCHAS | ||
| 650 | _aELASTICIDAD | ||
| 650 | _aESTATICA | ||
| 650 | _aPORTICOS | ||
| 650 | _aVIGAS | ||
| 942 | _cLIB | ||
| 999 |
_c1007 _d1007 |
||